Statystyki dla Jak to powiedzieć po angielsku?

Kliknij tutaj aby rozwiązać quiz!

Ogólne statystyki

  • Ten quiz został rozwiązany 465 razy
  • Średni wynik to 13 z 27

Statystyki odpowiedzi

SłowoOdpowiednik w Angielskim% Poprawnych
PiwoBeer
93%
MasłoButter
90%
WakacjeHoliday
88%
NożyczkiScissors
69%
TalerzPlate
67%
DoświadczenieExperience
64%
WidelecFork
64%
KapturHood
64%
EkranScreen
62%
Atmosfera (np. Ziemii)Atmosphere
61%
MłotHammer
58%
BalkonBalcony
57%
SałataLettuce
56%
JaszczurkaLizard
55%
BluzaHoodie
50%
ZlewSink
46%
BeczkaBarrel
40%
Karma dla psówDog Food
39%
KominekFireplace
39%
ŻyłaVein
38%
Zasłona/KurtynaCurtain
34%
OpaskaBand
18%
ĆpunJunkie
18%
SoczewkiLenses
15%
TaczkaBarrow
6%
GrzechotkaRattle
6%
SztangaBarbells
4%

Rozkład punktacji

Percentyl według liczby udzielonych odpowiedzi

Procent ludzi z każdym wynikiem

Twoja historia wyników

Nie rozwiązałeś tego quizu